| 000 | 00926nam a22002057a 4500 | ||
|---|---|---|---|
| 003 | BD-DhUL | ||
| 005 | 20220601111541.0 | ||
| 008 | 211222s1970 ii ab||| |||| 000 0 ben | | ||
| 040 |
_aBD-DhUL _cBD-DhUL |
||
| 082 |
_a954 _bKIB |
||
| 100 | 1 | _aচৌধুরী, কিরণচন্দ্র | |
| 245 | 0 | 0 |
_aভারতের ইতিহাসকথা [ত্রৈবার্ষিক স্নাতক সংস্করণ] : _bখণ্ড ৩ : আধুনিক যুগ / _cকিরণচন্দ্র চৌধুরী । |
| 250 | _a৬ষ্ঠ সংস্ক. | ||
| 260 |
_aকলিকাতা : _bমডার্ণ বুক এজেন্সী, _c১৯৭০ । |
||
| 300 |
_aখ. : _bচিত্র, মানচিত্র ; _c২২ সেমি. |
||
| 365 |
_aBDT _b6.00 |
||
| 650 | 4 |
_aভারত _xইতিহাস । |
|
| 650 | 4 |
_aIndia _xHistory. |
|
| 942 |
_2ddc _cBK |
||
| 999 |
_c255322 _d255322 |
||